Configurations of power : holistic anthropology in theory and practice
Αποθηκεύτηκε σε:
| Άλλοι συγγραφείς: | , |
|---|---|
| Μορφή: | Βιβλίο |
| Γλώσσα: | English |
| Δημοσίευση: |
London :
Cornell University Press,
1993
|
| Θέματα: | |
| Ετικέτες: |
Προσθήκη ετικέτας
Δεν υπάρχουν, Καταχωρήστε ετικέτα πρώτοι!
|
MARC
| LEADER | 00000nam a2200000 i 4500 | ||
|---|---|---|---|
| 001 | 1/8225 | ||
| 008 | 961009s1993 eng d | ||
| 020 | |a 0-8014-2487-9 | ||
| 035 | |l 10017016 | ||
| 040 | |a GR-MY-UA |b gre |e aacr | ||
| 041 | 0 | |a eng | |
| 082 | 0 | |a 301.01 | |
| 245 | 1 | 0 | |a Configurations of power : |b holistic anthropology in theory and practice / |c Edited by John S. Henderson and Patricia J. Netherly |
| 260 | |a London : |b Cornell University Press, |c 1993 | ||
| 300 | |a 338 p. | ||
| 500 | |a Published in Cooperation with the Society for Latin American Anthropology and the American Anthropological Association | ||
| 650 | 0 | 0 | |a Anthropology |x Methodology. |
| 650 | 0 | 0 | |a Anthropology |x Philosophy. |
| 700 | 1 | |a Henderson, John S. |4 edt | |
| 700 | 1 | |a Netherly, Patricia J. |4 edt | |
| 852 | |a INST |b LESVOS |e 19961009 |h 301.01 CON |p 005100009106 |q 005100009106 |t BK |y 0 | ||
| 909 | |a Λ |b 037793 | ||